00759nam a22002051a 45000010005000000030008000050050017000130080041000300350014000710350014000850400040000990410008001390820025001472450117001722600079002893000029003686500043003977000019004407110094004597058BD-RjUL20211208234347.014 s1963 cs a b 100 0 eng d a(BD-RjUL) a(BD-RjUL) aCStRLINbengdANLdBD-RjULcBD-RjUL aeng04216a517.38bDIF 196310aDifferential equations and their applications :bproceedings of a conference held in Prague, September, (1962) /0 aPrague :bPublishing House of the Czechoslovak Academy of Sciences,c1963. a247 p. :bill. ;c24 cm.1 aEcuaciones Diferenciales -- Congresos.1 aBabuska, Ivo.20aCzechoslovak Conference on Differential Equations and Their Applications,cPrague,d1962.